| 000 | 00556cam a22002171 4500 | ||
|---|---|---|---|
| 001 | ne 68004193 | ||
| 003 | DLC | ||
| 005 | 20260227111849.0 | ||
| 008 | 881028s1948 xx 000 0 ara | ||
| 010 | _ane 68004193 | ||
| 035 | _a(OCoLC)23509842 | ||
| 040 |
_aDLC _cMiU _dDLC |
||
| 042 | _apremarc | ||
| 050 | 0 | 0 |
_aPJ8212 _b.S24 |
| 100 | 2 | _aSayyid al-Ahl, ʻAbd al-ʻAzīz. | |
| 245 | 1 | 3 | _aal-Nuktah al-Miṣrīyah. |
| 260 | _c[1948] | ||
| 300 |
_a88 p. _c21 cm. |
||
| 500 | _aRomanized. | ||
| 650 | 0 |
_aEgyptian wit and humor _xHistory and criticism. |
|
| 999 |
_c50964 _d50964 |
||